000 02025nam a2200445 c 4500
001 24929
003 ES-MaCES
005 20150923125408.0
007 cr |||||||||||
008 130325s2013 sp l o000 | spa d
017 _aM 11133-2013
_bDL
035 _aCES20130001168m
040 _aES-MaCES
_bspa
_cES-MaCES
110 2 _aConsejo Económico y Social (España)
_92408
245 1 0 _aDictamen 2-2013 sobre el Anteproyecto de Ley por la que se incorporan al ordenamiento jurídico español las Directivas 2010/84/UE de Parlamento Europeo y del Consejo, de 15 de diciembre de 2010, sobre farmacovigilancia, y 2011/62/UE del Parlamento Europeo y del Consejo, de 8 de junio de 2011, sobre prevención de la entrada de medicamentos falsificados en la cadena de suministro legal, y se modifica la Ley 29/2006, de 26 de julio, de garantías y uso racional de los medicamentos y productos sanitarios
_b: Sesión ordinaria del Pleno, 20 de marzo de 2013
_cConsejo Económico y Social España
250 _a1ª ed
260 _aMadrid
_bConsejo Económico y Social
_c2013
300 _a20 p.
_c21 cm
_e1 documento pdf (69,6 kb)
490 1 _aColección Dictámenes
_v2-2013
541 _cGratuito
650 4 _adictamen
_930802
650 4 _arégimen jurídico
_929894
650 4 _aEspaña
_926964
650 4 _aarmonización
_929884
650 4 _aDirectiva de la CE
_929873
650 4 _acontabilidad de costes
_928280
650 4 _agestión de los sistemas de asistencia sanitaria
_930670
650 4 _aasistencia médica
_930272
650 4 _amecanismo de control
_929918
650 4 _amercado negro
_927895
650 4 _acontrol sanitario
_928695
650 4 _aproducto farmacéutico
_927802
653 1 0 _aSalud
650 4 _927925
_amercadotecnia
830 0 _aColección Dictámenes (Consejo Económico y Social (España))
_v2-2013
_932521
856 4 _uhttp://www.ces.es/documents/DIC/2013/02
902 _aLIB Libro
942 _2CES
_cBK
_h3.1.
999 _c24929
_d24929